Statistiques concernant 15 animaux les plus meurtriers

Cliquez ici pour prendre le quiz!

Statistiques générales

  • Ce quiz a été pris 321 fois
    (315 depuis la dernière actualisation)
  • Le résultat moyen est 8 sur 15

Statistiques - réponses

Morts par an Animaux % Correct
10Requin
94%
100Lion
91%
75 000Serpent
86%
100Elephant
79%
725 000Moustique
78%
25 000Chien
76%
1 000Crocodile
67%
500Hippopotame
64%
10Loup
62%
500 000Homme
36%
10 000Mouche Tsé-Tsé
13%
2 500Ascaris
2%
10 000Punaise assassine
2%
2 000Vers solitaire
2%
10 000Escargot eau douce
1%

Distribution des résultats

Percentile by Number Answered

% des personnes avec chaque résultat

Votre développement - résultats

Vous n’avez pas pris ce quiz depuis la dernière actualisation